| 000 | 01172nam a2200205Ia 4500 | ||
|---|---|---|---|
| 999 |
_c9120 _d9120 |
||
| 005 | 20230905141928.0 | ||
| 008 | 230903s9999 xx 000 0 und d | ||
| 020 | _a9681801512 | ||
| 040 |
_aUPAN _cBiblioteca San Vicente _eRCAA2 |
||
| 041 | _aspa | ||
| 082 |
_a658.403 4 _bT454t _c2006 |
||
| 100 |
_aThierauf Robert J. _4aut. |
||
| 245 | 0 |
_aToma de decisiones por medio de investigación de operaciones/ _bRobert J. Thierauf |
|
| 260 |
_aMéxico: _bLimusa, _c2006 |
||
| 300 |
_a560 p.; _c23 cm. |
||
| 505 | _a1. Introducción a la investigación de operaciones 2. Investigación de operaciones en la empresa 3. Teoría de probabilidades 4. Toma de decisiones en condiciones de incertidumbre 5. PERT/ Tiempo, PERT/ Costo y PERT/ LOB 6. Optimización 7. Modelos de control de inventarios 8. Programación lineal 9. Modelos de transporte 10. Programación no lineal 11. Programación dinámica 12. Juegos y estrategias 13. Anàlisis de Markov 14. Modelos de líneas de espera 15. Simulación 16. Presente y futuro de la investigacion de operaciones | ||
| 650 |
_2LEMB _xInvestigación operacional _93 |
||
| 700 |
_aJosé Meza Nieto _4tr. |
||
| 942 |
_cBK _2ddc |
||